Um crime entre cavalheiros (Record no. 137081)

MARC details
000 -LÍDER
campo de controle de tamanho fixo 00562 a2200205 4500
001 - NÚMERO DE CONTROLE
campo de controle 137081
020 ## - ISBN - INTERNATIONAL STANDARD BOOK NUMBER
ISBN - International Standard Book Number 8501005150
040 ## - FONTE DA CATALOGAÇÃO
Instituição que transcreveu o registro Leonardo Da Vinci
041 ## - CÓDIGO DE IDIOMA
Código do idioma do texto/trilha sonora ou título diferente Português
082 ## - CDD - CLASSIFICAÇÃO DECIMAL DE DEWEY
Número de Classificação 823 L466c
Número do exemplar L466c
100 ## - ENTRADA PRINCIPAL--NOME PESSOAL
Nome pessoal LE CARRÉ, John
245 ## - TÍTULO
Título Um crime entre cavalheiros
250 ## - EDIÇÃO
Edição 6 ed
260 ## - PUBLICAÇÃO, DISTRIBUIÇÃO, ETC.
Nome do editor, distribuidor, etc. Record
Data da publicação, distribuição, etc. 1998
Local de publicação, distribuição, etc. Rio de Janeiro
362 ## - DATAS DE PUBLICAÇÃO E/OU DESIGNAÇÃO SEQUENCIAL
Datas de publicação e/ou designação sequencial 19980000
490 ## - TÍTULO DA SÉRIE
Título da série Supertítulos
500 ## - NOTA GERAL
Nota geral José Laurênio de Melo (Tradução)
697 ## - ENTRADA DE ASSUNTO LOCAL--ENTIDADE COLETIVA (RLIN)
Nome corporativo ou nome da jurisdição Literatura
-- Romance norte-americano
-- Suspense
-- Aventura policial
-- Estados Unidos
942 ## - ELEMENTOS DE ENTRADA ADICIONADOS (KOHA)
Tipo de material Koha Livros
Holdings
Situação do descarte Situação das perdas Situação física Não pode ser emprestado Biblioteca de origem Biblioteca atual Data de aquisição Total de empréstimos Número de chamada completo Código de barras Data de último acesso Data do preço efetivo Tipo de material Koha
        LEONARDO DA VINCI - BUTANTÃ LEONARDO DA VINCI - BUTANTÃ 27/03/2024   823 L466c T00684 27/03/2024 27/03/2024 Livros